| 000 | 00533nam a2200181Ia 4500 | ||
|---|---|---|---|
| 005 | 20250923145303.0 | ||
| 008 | 008 250917s9999 xx 000 0 eng d | ||
| 037 | _aTextual | ||
| 040 |
_aDSWL _beng _cDSWL |
||
| 041 |
_aeng _2eng |
||
| 084 |
_aX:770aY:5.2, N73 _qDSWL |
||
| 100 |
_aGanguli, B.N. _9833693 |
||
| 245 | 0 |
_aPopulation and Development _cby B.N. Ganguli |
|
| 260 |
_aNew Delhi _b S. Chand & Co. Pvt. Ltd. _c1973 |
||
| 300 | _av,132p. | ||
| 942 |
_cTEXL _hX:770aY:5.2, N73 |
||
| 999 |
_c1449489 _d1449489 |
||